[Event "IECC CL1-2000.30"]
[Site "IECC email"]
[Date "2000.12.18"]
[Round "?"]
[White "Balabaev, Farit Gasisovich"]
[Black "Denham, Philip"]
[Result "1-0"]
[WhiteElo "2226"]
[BlackElo "2197"]
[PlyCount "67"]
[EventDate "2000.??.??"]
[EventType "tourn (corr)"]
[EventRounds "4"]
[SourceTitle "Corr 2008"]
[Source "ChessBase"]
[SourceDate "2008.06.24"]
[SourceVersion "1"]
[SourceVersionDate "2008.06.24"]
[SourceQuality "1"]

1. e4 c5 2. Nf3 d6 3. d4 cxd4 4. Nxd4 Nf6 5. Nc3 a6 6. Be3 e6 7. f3 Nbd7 8. g4 h6 9. Qd2 b6 10. h4 Bb7 11. Rg1 b5 12. g5 Nh5 13. 0-0-0 b4 14. Nce2 d5 15. g6 e5 16. gxf7+ Kxf7 17. Nb3 a5 18. exd5 a4 19. Na1 Nhf6 20. f4 Nxd5 21. Bg2 e4 22. Bxe4 N7f6 23. Bg6+ Kg8 24. Bf5 Qe8 25. Bd4 a3 26. b3 Qf7 27. Bg6 Qe7 28. Ng3 Nc3 29. Bxc3 bxc3 30. Qxc3 Nd5 31. Qd4 Qb4 32. Qxb4 Nxb4 33. Kb1 Nd5 34. Ne2 1-0